=LDR 00000nam 2200000 4500 =001 NUTBA000000000006244 =005 20141127092335.0 =006 =007 =008 =035 ##$$a 0010-111400000000723 =040 ##$$a NBPDMAT =082 ##$$a 616.123 =090 ##$$a 616.123 $b Ira l =100 ##$$a Ira Tri Onggo =245 ##$$a 5 penyakit utama pencabut nyawa / $c Penulis Ira Tri Onggo =250 ##$$a Cet.1 =260 ##$$a Yogyakarta : $b Mitra Buku, $c 2011 =300 ##$$a 141 hlm. ; $c 21 cm. =650 ##$$a Penyakit Jantung =850 ##$$a NBPDMAT